Conformal groups in geometry and spin structures

Αποθηκεύτηκε σε:
Λεπτομέρειες βιβλιογραφικής εγγραφής
Κύριος συγγραφέας: Angles, Pierre
Μορφή: Βιβλίο
Γλώσσα:English
Δημοσίευση: Boston : Birkhauser, 2008
Σειρά:Progress in mathematical physics ; ; 50
Θέματα:
Ετικέτες: Προσθήκη ετικέτας
Δεν υπάρχουν, Καταχωρήστε ετικέτα πρώτοι!

MARC

LEADER 00000nam a2200000 i 4500
001 1/81433
008 080410s2008 eng d
020 |a 978-0-8176-3512-1 
035 |l 10096461 
040 |a GR-MY-UA  |b gre  |e aacr 
041 0 |a eng 
082 0 |a 516.36  |2 (22) 
100 1 |a Angles, Pierre. 
245 1 0 |a Conformal groups in geometry and spin structures /  |c Pierre Angles 
260 |a Boston :   |b Birkhauser,   |c 2008 
300 |a xxvii, 283 σ.;  |c 24 εκ. 
490 1 |a Progress in mathematical physics  |v ; 50 
504 |a Περιέχει βιβλιογραφικές παραπομπές και ευρετήριο 
650 0 0 |a Conformal geometry. 
650 0 0 |a Spin geometry. 
650 0 0 |a Spinor analysis. 
650 0 0 |a Clifford algebras. 
830 0 |a Progress in mathematical physics ;  |v ; 50 
852 |a INST  |b SAMOS  |e 20080410  |h 516.36 ANG  |p 005300026530  |q 005300026530  |t BK  |y 0 
901 |a BIBL3-2008-1 
909 |a Σ  |b 151357 
922 |a 3ΕΛΗ  |b 200803  |c ΕΠΕΑΕΚ2/ΤΜΗΜΑ ΜΑΘΗΜΑΤΙΚΩΝ  |d ΠΑΠΑΣΩΤΗΡΙΟΥ 
970 |a ΡΟΥΣΣΟΥ  |b ΚΩΝΣΤΑΝΤΙΝΑ  |z 2008/04/10